|
|
|
|
| LEADER |
00000nam a2200000 a 4500 |
| 001 |
vtls001419721 |
| 003 |
SK-MaSNL |
| 005 |
20260426001751.0 |
| 008 |
160415s2001 xo a r y 0 slo |
| 015 |
|
|
|a SNBI2002/02-00679
|
| 020 |
|
|
|a 809684444X
|
| 035 |
|
|
|a SNK000374547
|
| 040 |
|
|
|a SNK
|b slo
|c SNK
|e AACR2
|
| 041 |
0 |
|
|a slo
|
| 044 |
|
|
|a xo
|c SK
|
| 080 |
|
|
|a 652.2.002.5(437.61)(083.81)"2001/2002"
|2 1981
|
| 110 |
0 |
|
|a Železnice Slovenskej republiky
|4 aut
|9 29931
|
| 245 |
1 |
|
|a Oblastný cestovný poriadok Železníc Slovenskej republiky - Západné Slovensko 2001-2002
|b platí od 10. júna 2001 do 14. decembra 2002
|
| 260 |
|
|
|a Košice
|b ŽSR, Divízia osobnej prepravy
|c 2001
|
| 300 |
|
|
|a 64 s.
|b mp., rekl., tab., zn.
|c 15x21 cm
|
| 610 |
2 |
7 |
|a Železnice Slovenskej republiky
|2 SNKKA
|9 29931
|
| 650 |
0 |
7 |
|a železničná doprava
|2 SNKPH
|9 3185
|
| 651 |
|
7 |
|a Slovensko
|2 SNKPHgeo
|9 14231
|
| 655 |
|
7 |
|a cestovné a letové poriadky
|2 SNK
|9 62742
|
| 919 |
|
|
|a 80-968444-4-X
|
| 958 |
|
|
|a TL
|
| 999 |
|
|
|c 898813
|d 900743
|
| 952 |
|
|
|t P60, <03>, [BOOK], {603}
|a SNK
|b SNK
|y PREZ
|7 0
|p 17A0314965
|o snkOSC 20898/2001-2002
|i snkKSP 10780/2001
|0 0
|1 0
|4 0
|d 2001-09-14
|l 0
|r 2005-01-02 00:00:00
|w 2026-02-24
|
| 952 |
|
|
|t P60, <04>, [BOOK], {604}
|a SNK
|b SNK
|y VYP
|7 0
|p 17A0314966
|o snkOSC 20898/2001-2002 D1
|i snkKSP 10781/2001
|0 0
|1 0
|4 0
|d 2001-09-14
|l 0
|r 2005-01-02 00:00:00
|w 2026-02-24
|